| 000 | 00949nam a2200229 a 4500 | ||
|---|---|---|---|
| 001 | 000594021 | ||
| 003 | AM-YEHGA | ||
| 005 | 20250617141640.0 | ||
| 008 | 080805s1982 ru a|||gr|||||||||0|rus|d | ||
| 040 | _aAM-YeHGA | ||
| 041 | 0 | _arus | |
| 100 | 1 |
_aБалашова, Тамара Владимировна _d1930- |
|
| 245 | 1 | 0 |
_aФранцузская поэзия XX века / _cТ. В. Балашова ; АН СССР Ин-т мировой лит-ры им. А.М. Горького ; Отв. ред. Ф.С. Наркирьер. |
| 260 |
_aМосква : _bНаука, _c1982. |
||
| 300 |
_a392 с. : _bил. ; _c21 см. |
||
| 650 | 1 | 4 | _aФранцузская поэзия - 20 в. |
| 650 | 1 | 4 | _aМонография |
| 700 | 1 |
_aНаркирьер, Федор Семенович _eред. _4edt |
|
| 710 | 2 | _aИн-т мировой литературы им. А.М. Горького АН СССР | |
| 942 |
_2udc _cBK |
||
| 090 | _c244132 | ||
| 999 |
_c242552 _d242552 |
||